000 00672nam a2200229Ia 4500
003 GCL
008 140319s9999 xx 000 0 ara d
040 _aGCL /
_cGCL
082 0 4 _a813.081
_bج ش
100 1 _aجرجى زيدان
245 1 0 _aشجرة الدر /
_cجرجى زيدان
260 _aبيروت :
_bدار الجيل
300 _a223 ص ؛
_c18 سم
490 _aروايات تاريخ الاسلام
_v0
650 0 4 _aالادب العربى
650 0 4 _aالقصص العربية
650 0 4 _aالاسلام
650 0 4 _aالقصص التاريخية
650 0 4 _aشجرة الدر
650 0 4 _aالمجموعات
942 _2ddc
_cBK
999 _c55573
_d55573